| 000 | 00462nam a22001817a 4500 | ||
|---|---|---|---|
| 003 | CEME | ||
| 005 | 20210628205036.0 | ||
| 008 | 210224b xxu||||| |||| 00| 0 eng d | ||
| 020 | _a1-56091-261-8 | ||
| 040 | _c. | ||
| 082 | _a629.246 LIM'B | ||
| 100 |
_aLimpert, Rudolf _973578 |
||
| 245 | _aBrake design and safety | ||
| 260 |
_aWARRENDALE _bSAE _c1992 |
||
| 300 | _a460P | ||
| 650 |
_aAUTOMOBILES BRAKES DESIGN AND CONSTRUCTION _973579 |
||
| 942 |
_cBK _2ddc |
||
| 999 |
_c579268 _d579268 |
||